000 01239nam a2200349Ia 4500
001 ebr10138222
003 CaPaEBR
006 m u
007 cr cn|||||||||
008 051101s2006 ne a sb 001 0 eng d
010 _z 2005055205
020 _z0123705355
020 _z0080455077
020 _z9780123705358
040 _aCaPaEBR
_cCaPaEBR
035 _a(OCoLC)647545490
050 1 4 _aQC145.2
_b.H36 2006eb
082 0 4 _a530.4/2
_222
100 1 _aHansen, Jean-Pierre,
_d1942-
245 1 0 _aTheory of simple liquids
_h[electronic resource] /
_cJean-Pierre Hansen, Ian R. McDonald.
250 _a3rd ed.
260 _aAmsterdam :
_bElsevier,
_cc2006.
300 _axi, 416 p. :
_bill.
504 _aIncludes bibliographical references and index.
533 _aElectronic reproduction.
_bPalo Alto, Calif. :
_cebrary,
_d2011.
_nAvailable via World Wide Web.
_nAccess may be limited to ebrary affiliated libraries.
650 0 _aLiquids.
650 0 _aFluids.
655 7 _aElectronic books.
_2local
700 1 _aMcDonald, Ian R.
_q(Ian Ranald)
710 2 _aebrary, Inc.
856 4 0 _uhttp://site.ebrary.com/lib/rucke/Doc?id=10138222
_zAn electronic book accessible through the World Wide Web; click to view
999 _c83058
_d83058